| 000 | 00837nam a22002057a 4500 | ||
|---|---|---|---|
| 999 |
_c15193 _d15193 |
||
| 003 | OSt | ||
| 082 | _2631.587 ATH/ME | ||
| 088 | _aP 154 | ||
| 100 |
_aATHIRA S _93363 |
||
| 245 | _aMeasurement of sediment yield under different field conditions using drop box weir with coshocton wheel | ||
| 260 |
_aTavanur 2005 _bKelappaji College of Agricultural Engineering and Technology |
||
| 300 | _a64 | ||
| 500 | _aMeasurement of sediment yield under different field conditions using drop box weir with coshocton wheel | ||
| 520 | _aMeasurement of sediment yield under different field conditions using drop box weir with coshocton wheel | ||
| 700 |
_aKala K. S _93364 |
||
| 700 |
_aNidhi S. S _93365 |
||
| 700 |
_aEr. Sasikala D (Guide) _93366 |
||
| 856 | _uhttps://drive.google.com/open?id=1cKxKhwdFWQM94IudnFizNvvraXuWy8J9 | ||
| 942 | _cPR | ||